[Event "OHS 2015"]
[Site "?"]
[Date "2015.03.02"]
[Round "5.11"]
[White "Demond, Ricardo"]
[Black "Kleinert, Andreas"]
[Result "1/2-1/2"]
[WhiteElo "1739"]
[BlackElo "1862"]
[PlyCount "54"]
[EventDate "2015.??.??"]
[WhiteTeam "SC Buer-Hassel Königsspringer"]
[BlackTeam "Schachfreunde Gelsenkirchen 2002"]

1. e4 c6 2. d4 d5 3. e5 Bf5 4. g4 Bd7 5. f4 e6 6. Nf3 Ne7 7. Bd3 Nc8 8. Be3 Qc7
9. Qd2 c5 10. dxc5 Bxc5 11. Qc3 Bb6 12. Qxc7 Bxc7 13. Nbd2 Bb6 14. Bxb6 Nxb6
15. Nd4 a6 16. N2b3 Nc6 17. Nxc6 Bxc6 18. Nd4 h5 19. gxh5 Rxh5 20. Nxe6 Kd7 21.
Nxg7 Rh4 22. f5 Rah8 23. e6+ Ke7 24. Rf1 f6 25. Rg1 Rg8 26. Rg3 Rh7 27. Nh5
Rxg3 1/2-1/2

[Event "OHS 2015"]
[Site "?"]
[Date "2015.03.02"]
[Round "5.12"]
[White "Rath, Michael"]
[Black "Hartmann, Thomas"]
[Result "1/2-1/2"]
[WhiteElo "1815"]
[BlackElo "1633"]
[PlyCount "132"]
[EventDate "2015.??.??"]
[WhiteTeam "SV Königsspringer Haltern 1962"]
[BlackTeam "SK Herne-Sodingen"]

1. d4 d5 2. Nf3 Nf6 3. Bf4 Bf5 4. e3 e6 5. c4 c5 6. Nc3 Nc6 7. cxd5 Nxd5 8.
Nxd5 Qxd5 9. Bb5 cxd4 10. Qa4 dxe3 11. Bxe3 Bc2 12. b3 Bd3 13. Bxd3 Qxd3 14.
Rd1 Bb4+ 15. Bd2 Rd8 16. a3 Bxd2+ 17. Nxd2 O-O 18. Qc4 Qxc4 19. Nxc4 Rxd1+ 20.
Kxd1 Rd8+ 21. Kc2 Kf8 22. Re1 Ke7 23. b4 Nd4+ 24. Kc3 Nb5+ 25. Kc2 Rc8 26. Kd3
Rd8+ 27. Ke3 Rd5 28. Rc1 Nd6 29. Na5 Nf5+ 30. Ke2 Nd4+ 31. Ke3 Rd7 32. Rc4 e5
33. f4 Nf5+ 34. Ke2 Nd6 35. Rc5 exf4 36. Rd5 Ke6 37. Rd4 g5 38. h4 f6 39. Kf3
h5 40. hxg5 fxg5 41. Nb3 b6 42. a4 Rc7 43. Ke2 Rc4 44. Rxc4 Nxc4 45. a5 bxa5
46. bxa5 Kd5 47. Kf3 a6 48. g3 fxg3 49. Kxg3 g4 50. Kf4 Kc6 51. Nd4+ Kc5 52.
Ne6+ Kb4 53. Ng7 Nxa5 54. Nxh5 Nb3 55. Nf6 a5 56. Nd5+ Kc4 57. Nb6+ Kb5 58. Nd5
Kc5 59. Nc3 Kd4 60. Na4 Nc5 61. Nb6 Kc3 62. Kxg4 Kb4 63. Kf4 Na4 64. Nd5+ Kc4
65. Ne3+ Kd4 66. Nf5+ Kc3 1/2-1/2

[Event "OHS 2015"]
[Site "?"]
[Date "2015.03.02"]
[Round "5.13"]
[White "Müller-Kreth, Kai"]
[Black "Krolik, Wilfried"]
[Result "1/2-1/2"]
[WhiteElo "1758"]
[BlackElo "1552"]
[PlyCount "84"]
[EventDate "2015.??.??"]
[WhiteTeam "SK Herne-Sodingen"]
[BlackTeam "SV Waltrop 1922"]

1. d4 Nf6 2. Nf3 g6 3. c4 Bg7 4. Nc3 O-O 5. e4 d6 6. Bd3 c5 7. d5 Nbd7 8. h3
Re8 9. O-O Nb6 10. Bd2 e6 11. Re1 exd5 12. exd5 Bd7 13. Qc2 Qc7 14. Bf4 Rxe1+
15. Rxe1 Re8 16. Qd2 Nh5 17. Bh2 Nc8 18. Rxe8+ Bxe8 19. Qe3 Kf8 20. Ng5 Nf6 21.
Bc2 Qe7 22. Nd1 b5 23. b3 b4 24. Kf1 Qxe3 25. Nxe3 Ke7 26. f4 h6 27. Nf3 Bd7
28. f5 g5 29. g4 Nh7 30. Ke2 Bf6 31. Nf1 Nb6 32. N1d2 a5 33. Ne4 Nc8 34. Bg3
Bb2 35. h4 f6 36. hxg5 Nxg5 37. Nfd2 Be8 38. Nxg5 hxg5 39. Ne4 Bd7 40. Bd1 Be8
41. Kd3 Bd7 42. Kc2 Bd4 1/2-1/2

[Event "OHS 2015"]
[Site "?"]
[Date "2015.03.02"]
[Round "5.14"]
[White "Wolff, Christoph"]
[Black "Bott, Michael"]
[Result "1-0"]
[WhiteElo "2079"]
[BlackElo "1528"]
[PlyCount "69"]
[EventDate "2015.??.??"]
[WhiteTeam "SC Buer-Hassel Königsspringer"]
[BlackTeam "SV Günnigfeld 1922"]

1. e4 c5 2. Nf3 Nc6 3. Nc3 d6 4. d4 cxd4 5. Nxd4 Bd7 6. Be2 Nf6 7. O-O a6 8. a4
e5 9. Nb3 h6 10. Be3 Be7 11. a5 Be6 12. Nd5 Bxd5 13. exd5 Nb8 14. Bb6 Qc8 15.
Ra4 Nbd7 16. Rc4 Nc5 17. Nxc5 dxc5 18. d6 Bd8 19. Rxc5 Qf5 20. d7+ Qxd7 21.
Rxe5+ Kf8 22. Bc5+ Kg8 23. b4 Kh7 24. Bd3+ g6 25. Qf3 Re8 26. Rxe8 Nxe8 27. Rd1
Qc7 28. Be4 Rb8 29. Bb6 Qe7 30. Bxd8 Rxd8 31. Rxd8 Qxd8 32. Qxf7+ Kh8 33. Bd3
Ng7 34. Qxg6 Qg8 35. Qxh6+ 1-0

[Event "OHS 2015"]
[Site "?"]
[Date "2015.03.02"]
[Round "5.15"]
[White "Heinz, Hans-Werner"]
[Black "Nagel, Frank"]
[Result "0-1"]
[WhiteElo "1159"]
[BlackElo "1738"]
[PlyCount "82"]
[EventDate "2015.??.??"]
[WhiteTeam "SV Unser Fritz Wanne-Eickel"]
[BlackTeam "SV Waltrop 1922"]

1. d4 e6 2. e4 d5 3. e5 c5 4. c3 Nc6 5. Nf3 Qb6 6. a3 cxd4 7. cxd4 Nge7 8. Nc3
Nf5 9. Na4 Qd8 10. Be2 Be7 11. g3 a6 12. O-O O-O 13. b4 b6 14. Bb2 Bb7 15. Re1
Rc8 16. Bd3 b5 17. Nc5 Bxc5 18. bxc5 g6 19. Bxf5 exf5 20. e6 f6 21. Bc3 Rc7 22.
Qd2 Re7 23. Re3 Rfe8 24. Rae1 Bc8 25. R1e2 Qc7 26. Qe1 f4 27. gxf4 Qxf4 28. Nd2
Nxd4 29. Bxd4 Qxd4 30. Nb3 Qa4 31. Na5 Rxe6 32. Rxe6 Qg4+ 33. Kh1 Rxe6 34. Rxe6
Bxe6 35. Nc6 Qf3+ 36. Kg1 Qg4+ 37. Kf1 d4 38. Nxd4 Bc4+ 39. Ne2 Qf3 40. Kg1 Bd5
41. Qf1 Qh1# 0-1

[Event "OHS 2015"]
[Site "?"]
[Date "2015.03.02"]
[Round "5.16"]
[White "Lojack, Rouven"]
[Black "Schumann, Burkhard"]
[Result "1/2-1/2"]
[WhiteElo "1430"]
[BlackElo "1627"]
[PlyCount "88"]
[EventDate "2015.??.??"]
[WhiteTeam "SV Königsspringer Haltern"]
[BlackTeam "SC Gerthe 46-Werne"]

1. d4 f5 2. Nc3 Nf6 3. Bg5 d5 4. Nf3 Nbd7 5. Bf4 e6 6. Nb5 Bb4+ 7. c3 Ba5 8. b4
a6 9. bxa5 axb5 10. a4 bxa4 11. Rxa4 O-O 12. e3 Ne4 13. Qa1 g5 14. Be5 g4 15.
Bf4 Ndf6 16. Ne5 Nd7 17. f3 Nxe5 18. Bxe5 gxf3 19. g3 Qd7 20. Ra3 Qc6 21. Bd3
b5 22. O-O Ng5 23. h4 Nf7 24. Bf4 Ba6 25. Rb3 Rae8 26. Rfb1 e5 27. dxe5 Nxe5
28. Bxb5 Bxb5 29. Rxb5 f2+ 30. Kxf2 Ng4+ 31. Kg1 Qc4 32. Qb2 Qe4 33. Re1 Ne5
34. Bxe5 Qxe5 35. Kf2 c6 36. Rb7 Rf6 37. c4 Qe6 38. a6 Rf7 39. a7 d4 40. Kg1
Rxb7 41. Qxb7 Qg6 42. Kg2 f4 43. exf4 Qc2+ 44. Kh3 Qf5+ 1/2-1/2

[Event "OHS 2015"]
[Site "?"]
[Date "2015.03.02"]
[Round "5.17"]
[White "Diekhans, Georg"]
[Black "Kempken, Reinhold"]
[Result "0-1"]
[WhiteElo "1310"]
[BlackElo "1500"]
[PlyCount "114"]
[EventDate "2015.??.??"]
[WhiteTeam "SV Unser Fritz Wanne-E"]
[BlackTeam "vereinslos"]

1. e4 e5 2. Nf3 d5 3. Bd3 Bg4 4. h3 Bxf3 5. Qxf3 d4 6. a3 c5 7. Bc4 Qe7 8. d3
Nc6 9. O-O Nf6 10. Bg5 h6 11. Bd2 g5 12. Be1 Rd8 13. Nd2 h5 14. Qe2 Rd6 15. f3
h4 16. Nb3 b6 17. Bb5 Nh5 18. Nd2 Nf4 19. Qd1 Bg7 20. Nc4 Re6 21. b4 O-O 22.
Bxc6 Rxc6 23. b5 Rh6 24. a4 Qd7 25. Rb1 Nxh3+ 26. Kh2 Nf4 27. Rh1 h3 28. Kg1
hxg2 29. Rxh6 Bxh6 30. Bg3 Qh3 31. Kf2 f6 32. Qg1 g4 33. Qh2 Qxh2 34. Bxh2 gxf3
35. Kxf3 Kh7 36. Nd6 Rg8 37. Nf5 Nh3 38. Nxh6 Kxh6 39. Bg3 Kh5 40. Bh2 g1=Q 41.
Bxg1 Nxg1+ 42. Kf2 Nh3+ 43. Kf3 Ng5+ 44. Kf2 Nh3+ 45. Kf3 Ng5+ 46. Kf2 Kg6 47.
Rg1 Kf7 48. Rh1 Ne6 49. Rh3 Ng5 50. Rg3 Ke6 51. Ke2 Rh8 52. Rg1 Rh2+ 53. Kd1
Kf7 54. Kc1 Nf3 55. Rf1 Rh3 56. Kb2 f5 57. exf5 Kf6 0-1

[Event "OHS 2015"]
[Site "?"]
[Date "2015.03.02"]
[Round "5.18"]
[White "Kümmel, Hans-Jürgen"]
[Black "Burosch, Raimund"]
[Result "1/2-1/2"]
[WhiteElo "1317"]
[BlackElo "1424"]
[PlyCount "41"]
[EventDate "2015.??.??"]
[WhiteTeam "SG Höntrop 1947"]
[BlackTeam "SV Unna 1924"]

1. Nf3 c5 2. e4 d6 3. Bb5+ Nc6 4. h3 g6 5. c3 a6 6. Bxc6+ bxc6 7. O-O Bg7 8.
Re1 e5 9. d3 Nf6 10. Bg5 Qb6 11. Qe2 O-O 12. Nbd2 Be6 13. b3 h6 14. Be3 Nd7 15.
Rab1 Qb7 16. Nf1 d5 17. Ng3 d4 18. Bd2 h5 19. Ng5 Rfe8 20. Nxe6 Rxe6 21. Rf1
1/2-1/2

[Event "OHS 2015"]
[Site "?"]
[Date "2015.03.02"]
[Round "5.19"]
[White "Puchalla, Paul"]
[Black "Mrowetz, Josef"]
[Result "0-1"]
[WhiteElo "1210"]
[BlackElo "1364"]
[PlyCount "58"]
[EventDate "2015.??.??"]
[WhiteTeam "SK Herne-Sodingen 1924"]
[BlackTeam "SC Gerthe 46-Werne"]

1. Nf3 c5 2. e4 Nc6 3. c3 d5 4. Bd3 Bg4 5. h3 Bh5 6. Qe2 e5 7. g4 Bg6 8. g5 Bh5
9. exd5 Qxd5 10. Be4 Qd6 11. Bxc6+ Qxc6 12. Qxe5+ Ne7 13. O-O Qxf3 14. Qg3
Qxg3+ 15. fxg3 Nc6 16. d3 Be7 17. Bf4 O-O 18. Na3 Be2 19. Rf2 Bxd3 20. Rd1 c4
21. Nb5 Bc5 22. Kg2 Bxf2 23. Kxf2 Rae8 24. Rd2 Re6 25. b3 a6 26. Nd6 b5 27.
bxc4 bxc4 28. Rb2 Ne5 29. Nf5 Bxf5 0-1

[Event "OHS 2015"]
[Site "?"]
[Date "2015.03.02"]
[Round "5.20"]
[White "Deutschmann, Jürgen"]
[Black "Diekhans, Christoph"]
[Result "1/2-1/2"]
[WhiteElo "1681"]
[BlackElo "1591"]
[PlyCount "32"]
[EventDate "2015.??.??"]
[WhiteTeam "SV Hattingen"]
[BlackTeam "SV Unser Fritz Wanne-E"]

1. d4 e6 2. c4 b6 3. Nf3 Bb7 4. e3 Nf6 5. Be2 c5 6. O-O Be7 7. Nc3 O-O 8. a3
cxd4 9. Nxd4 d5 10. cxd5 Nxd5 11. Nxd5 Bxd5 12. Bf3 Bf6 13. Bxd5 Qxd5 14. Rb1
Rd8 15. Qf3 Bxd4 16. Qxd5 Rxd5 1/2-1/2

[Event "OHS 2015"]
[Site "?"]
[Date "2015.03.09"]
[Round "6.1"]
[White "Graw, Christopher"]
[Black "Kiese, Matthias"]
[Result "1/2-1/2"]
[WhiteElo "2218"]
[BlackElo "2223"]
[PlyCount "58"]
[EventDate "2015.??.??"]
[WhiteTeam "SK Herne Sodingen 1924"]
[BlackTeam "Bochumer Schachverein 02"]

1. d4 d5 2. c4 e6 3. Nc3 Nf6 4. cxd5 exd5 5. Bg5 Be7 6. e3 c6 7. Qc2 Nbd7 8.
Bd3 Nf8 9. Nf3 Ne6 10. Bh4 g6 11. O-O O-O 12. Rab1 Ng7 13. b4 a6 14. Na4 Bf5
15. Nc5 Ra7 16. Rfc1 Bxd3 17. Qxd3 Nf5 18. Bxf6 Bxf6 19. a4 Nd6 20. e4 dxe4 21.
Nxe4 Nxe4 22. Qxe4 Re8 23. Qd3 Qd6 24. b5 axb5 25. axb5 Rd8 26. bxc6 bxc6 27.
Qc4 Bxd4 28. Nxd4 Qxd4 29. Qxd4 Rxd4 1/2-1/2

[Event "OHS 2015"]
[Site "?"]
[Date "2015.03.09"]
[Round "6.2"]
[White "Hahn, Matthias"]
[Black "Sondermann, Dirk"]
[Result "1-0"]
[WhiteElo "2044"]
[BlackElo "2080"]
[PlyCount "66"]
[EventDate "2015.??.??"]
[WhiteTeam "SV Bochum-Linden-Dahlh"]
[BlackTeam "Sport Union Annen"]

1. d4 Nf6 2. c4 e6 3. Nc3 Bb4 4. Qc2 Nc6 5. Nf3 O-O 6. Bd2 d6 7. a3 Bxc3 8.
Bxc3 Re8 9. O-O-O d5 10. e3 Ne4 11. Be1 f5 12. Bd3 Qf6 13. Kb1 a5 14. Ng1 Nd6
15. c5 Nf7 16. f4 Bd7 17. Nf3 b5 18. Bh4 Qh6 19. b3 Ra7 20. Rdg1 Rea8 21. g4 a4
22. b4 Nxd4 23. Nxd4 Qxh4 24. gxf5 e5 25. fxe5 Nxe5 26. Qg2 Qf6 27. Qxd5+ Kh8
28. Be2 Rd8 29. Qa2 Nc4 30. Rg3 Re8 31. Bd3 Rxe3 32. Rxe3 Qxd4 33. Rg3 Qc3 1-0

[Event "OHS 2015"]
[Site "?"]
[Date "2015.03.09"]
[Round "6.3"]
[White "Winterkamp, Sascha"]
[Black "Ribbeheger, Edgar"]
[Result "1-0"]
[WhiteElo "2015"]
[BlackElo "1998"]
[PlyCount "35"]
[EventDate "2015.??.??"]
[WhiteTeam "SV Unser Fritz Wanne-Eickel 1955"]
[BlackTeam "SK Herne-Sodingen 1924"]

1. d4 d5 2. Nf3 e6 3. c4 Be7 4. Nc3 Nf6 5. Bg5 O-O 6. e3 h6 7. Bh4 b6 8. Rc1 a5
9. Ne5 Ba6 10. cxd5 Bxf1 11. Kxf1 Nxd5 12. Nxd5 exd5 13. Bxe7 Qxe7 14. Qf3 c6
15. g4 Qe8 16. h4 f6 17. Nxc6 Qd7 18. Qxd5+ 1-0

[Event "OHS 2015"]
[Site "?"]
[Date "2015.03.09"]
[Round "6.4"]
[White "Barth, Hans-Joachim"]
[Black "Löffelbein, Klaus"]
[Result "1/2-1/2"]
[WhiteElo "1881"]
[BlackElo "2002"]
[PlyCount "59"]
[EventDate "2015.??.??"]
[WhiteTeam "SC Dolce Vita 93"]
[BlackTeam "SC Gerthe 46 - Werne"]

1. b3 d5 2. Bb2 Nf6 3. e3 c5 4. Nf3 e6 5. d4 Nc6 6. Bd3 cxd4 7. exd4 Be7 8. O-O
O-O 9. c4 b6 10. Nbd2 Nb4 11. Bb1 Bb7 12. Ne5 dxc4 13. bxc4 Qc7 14. a3 Nc6 15.
Ndf3 Rad8 16. Qc2 g6 17. Re1 Na5 18. Ba2 Nh5 19. Rad1 Bf6 20. Qc3 Rc8 21. Qe3
Bxf3 22. Qxf3 Bxe5 23. Rxe5 Nxc4 24. Bxc4 Qxc4 25. g4 Ng7 26. Rc1 Qa2 27. Re2
Rxc1+ 28. Bxc1 Qb1 29. Qc3 Ne8 30. Re1 1/2-1/2

[Event "OHS 2015"]
[Site "?"]
[Date "2015.03.09"]
[Round "6.5"]
[White "Gasper, Jörn"]
[Black "Quast, Marcel"]
[Result "1/2-1/2"]
[WhiteElo "1637"]
[BlackElo "2201"]
[PlyCount "92"]
[EventDate "2015.??.??"]
[WhiteTeam "SV Waltrop 1922"]
[BlackTeam "SC Gerthe 46-Werne"]

1. e4 Nf6 2. e5 Nd5 3. d4 d6 4. c4 Nb6 5. exd6 exd6 6. Nc3 Nc6 7. Be3 Be7 8.
Bd3 O-O 9. a3 Bf6 10. Nge2 Re8 11. O-O Bg4 12. Qc2 g6 13. h3 Bxe2 14. Nxe2 d5
15. c5 Nc8 16. b4 a6 17. Rfb1 N8e7 18. a4 Qd7 19. Qc3 Nf5 20. Bxf5 Qxf5 21. b5
Nd8 22. Qb3 Qd7 23. Nf4 c6 24. bxc6 bxc6 25. Qd3 Nb7 26. Qc3 Bd8 27. a5 Ra7 28.
Nd3 Bc7 29. Bf4 Bxf4 30. Nxf4 Nd8 31. Rb6 Ne6 32. Nxe6 Rxe6 33. Re1 Kg7 34.
Rxe6 Qxe6 35. Qe3 Qc8 36. Qe5+ f6 37. Qd6 Qe8 38. Qxc6 Qe1+ 39. Kh2 Qxf2 40.
Rb7+ Kh6 41. Rxa7 Qf4+ 42. Kg1 Qe3+ 43. Kh1 Qc1+ 44. Kh2 Qf4+ 45. Kg1 Qe3+ 46.
Kh1 Qc1+ 1/2-1/2

[Event "OHS 2015"]
[Site "?"]
[Date "2015.03.09"]
[Round "6.7"]
[White "Eckert, Marius"]
[Black "Schäfer, Michael"]
[Result "1-0"]
[WhiteElo "1960"]
[BlackElo "1793"]
[PlyCount "59"]
[EventDate "2015.??.??"]
[WhiteTeam "SV Waltrop 1922"]
[BlackTeam "SK Herne-Sodingen 1924"]

1. e4 e5 2. Nf3 Nc6 3. c3 Bc5 4. d4 exd4 5. cxd4 Bb4+ 6. Bd2 Bxd2+ 7. Qxd2 d5
8. e5 Nge7 9. Nc3 O-O 10. Bd3 f6 11. exf6 Rxf6 12. O-O Bf5 13. Rfe1 Bxd3 14.
Qxd3 Qd7 15. Ne5 Nxe5 16. dxe5 Qf5 17. Qd4 Rf7 18. Nxd5 Nxd5 19. Qxd5 Qxf2+ 20.
Kh1 c6 21. Qc4 Qf5 22. Re4 Qg5 23. Rf1 Raf8 24. Rxf7 Rxf7 25. e6 Re7 26. Rd4 g6
27. Rd8+ Kg7 28. Qc3+ Kh6 29. Rd3 Qf4 30. Rh3+ 1-0

[Event "OHS 2015"]
[Site "?"]
[Date "2015.03.09"]
[Round "6.8"]
[White "Kleinert, Andreas"]
[Black "Boost, Jürgen"]
[Result "0-1"]
[WhiteElo "1862"]
[BlackElo "1849"]
[PlyCount "114"]
[EventDate "2015.??.??"]
[WhiteTeam "Schachfreunde Gelsenkirchen 2002"]
[BlackTeam "SC Gerthe 46-Werne"]

1. Nf3 Nf6 2. g3 d5 3. d4 e6 4. Bg2 Be7 5. O-O O-O 6. c4 dxc4 7. a4 Nc6 8. Qc2
Nxd4 9. Nxd4 Qxd4 10. Rd1 Qg4 11. Bf3 Qf5 12. Qxf5 exf5 13. Na3 Bxa3 14. Rxa3
c6 15. Bg5 Be6 16. Bxf6 gxf6 17. e3 Rfd8 18. Raa1 Kf8 19. Kf1 Ke7 20. Ke1 Rxd1+
21. Rxd1 Rd8 22. Rc1 Rd3 23. Be2 Rb3 24. Rc2 Rb4 25. a5 Ra4 26. Kd2 Rxa5 27.
Bxc4 Rc5 28. b3 b5 29. Bd3 Rxc2+ 30. Kxc2 Kd6 31. Kc3 a5 32. e4 fxe4 33. Bxe4
f5 34. Bd3 Kc5 35. Bc2 h6 36. f3 Bd5 37. Bxf5 Bxf3 38. Bc2 Be2 39. Kd2 Bf1 40.
Kc3 b4+ 41. Kd2 Kd4 42. Bf5 c5 43. Bh7 c4 44. Bc2 c3+ 45. Kc1 Bd3 46. Bd1 Ke3
47. Bh5 f6 48. Bf7 Be4 49. Be6 Kf2 50. g4 Kg2 51. h3 Kg3 52. Kd1 Bg2 53. Bf5
Bxh3 54. Ke1 Bxg4 55. Bc2 Bf3 56. Kf1 h5 57. Kg1 h4 0-1

[Event "OHS 2015"]
[Site "?"]
[Date "2015.03.09"]
[Round "6.9"]
[White "Korte, Markus"]
[Black "Müller-Kreth, Kai"]
[Result "0-1"]
[WhiteElo "2163"]
[BlackElo "1758"]
[PlyCount "178"]
[EventDate "2015.??.??"]
[WhiteTeam "Matt Inn Dortmund"]
[BlackTeam "SK Herne-Sodingen"]

1. e4 e6 2. d4 d5 3. e5 c5 4. c3 Nc6 5. Nf3 cxd4 6. cxd4 Bb4+ 7. Nc3 Bd7 8. Bd3
Nge7 9. O-O Ng6 10. a3 Be7 11. b4 O-O 12. Be3 Nh4 13. Nxh4 Bxh4 14. Qh5 g6 15.
Qh6 a6 16. f4 f5 17. exf6 Bxf6 18. f5 Bg7 19. Qf4 gxf5 20. Qg3 Kh8 21. Ne2 Rg8
22. Qh3 Qf6 23. Rf3 Qf7 24. Kh1 Bf6 25. Rg1 Rg4 26. Rgf1 Rag8 27. Rg3 Rxg3 28.
hxg3 Qg6 29. Kg1 Qg4 30. Qh6 Bg7 31. Qf4 Qxf4 32. gxf4 Bf6 33. Rf3 Rg4 34. Rh3
Kg7 35. b5 axb5 36. Bxb5 Bc8 37. Kf1 Rh4 38. Rg3+ Kf7 39. Ke1 Rg4 40. Rxg4 fxg4
41. Bxc6 bxc6 42. Nc1 Ba6 43. Nb3 Bh4+ 44. Bf2 g3 45. Be3 Bd3 46. Nc5 Bc4 47.
a4 Bd8 48. Bd2 Bb6 49. Nb7 Bxd4 50. Nd6+ Ke7 51. Nxc4 dxc4 52. Ke2 Bf2 53. Bc3
Kd7 54. Kf3 c5 55. Ke4 Kd6 56. Bb2 Be1 57. Be5+ Kc6 58. Bf6 h5 59. Be7 Bd2 60.
Bh4 c3 61. Kd3 Be1 62. Bf6 Kd5 63. Bh4 c4+ 64. Kc2 Kc5 65. Be7+ Kc6 66. Bd8 Bd2
67. Be7 Bxf4 68. Kxc3 Kd5 69. a5 Be5+ 70. Kc2 Kc6 71. Bg5 Kb5 72. Bd8 Bd4 73.
Bh4 Bf2 74. Bd8 Be1 75. Bc7 h4 76. Bd8 Bxa5 77. Bxh4 Be1 78. Bf6 Kc5 79. Bg7
Kd5 80. Bf6 Ke4 81. Bg5 e5 82. Bh6 Bf2 83. Kc3 Kd5 84. Bd2 Bd4+ 85. Kc2 c3 86.
Bg5 Ke4 87. Bh4 Kf4 88. Be7 Ke3 89. Bg5+ Kf2 0-1

[Event "OHS 2015"]
[Site "?"]
[Date "2015.03.09"]
[Round "6.10"]
[White "Nagel, Frank"]
[Black "Wolff, Christoph"]
[Result "0-1"]
[WhiteElo "1738"]
[BlackElo "2079"]
[PlyCount "48"]
[EventDate "2015.??.??"]
[WhiteTeam "SV Waltrop 1922"]
[BlackTeam "SC Buer-Hassel Königsspringer"]

1. Nf3 Nf6 2. d4 g6 3. g3 Bg7 4. Bg2 O-O 5. Nbd2 d5 6. Ne5 Nc6 7. Ndf3 Nxe5 8.
Nxe5 c5 9. c3 cxd4 10. cxd4 Bf5 11. O-O Rc8 12. Qa4 Qb6 13. e3 Rc7 14. b3 Nd7
15. f4 Nf6 16. Ba3 Ne4 17. Bxe4 Bxe4 18. Nd7 Rxd7 19. Qxd7 Bxd4 20. Rae1 Bxe3+
21. Rxe3 Qxe3+ 22. Rf2 Qe1+ 23. Rf1 Qd2 24. Bxe7 Qg2# 0-1

[Event "OHS 2015"]
[Site "?"]
[Date "2015.03.09"]
[Round "6.11"]
[White "Schmidt, Ralph"]
[Black "Demond, Ricardo"]
[Result "1-0"]
[WhiteElo "1985"]
[BlackElo "1739"]
[PlyCount "87"]
[EventDate "2015.??.??"]
[WhiteTeam "SV Bochum-Linden-Dahlhausen 1922"]
[BlackTeam "SC Buer-Hassel Königsspringer"]

1. e4 d5 2. exd5 Qxd5 3. Nc3 Qa5 4. Bc4 Nf6 5. d3 c6 6. Nge2 Bg4 7. f3 Bh5 8.
Bd2 e6 9. O-O Bd6 10. Qc1 Qc7 11. Bf4 O-O 12. Bxd6 Qxd6 13. Ng3 Bg6 14. Kh1
Nbd7 15. Qe1 Rad8 16. Rd1 Rfe8 17. a3 Qd4 18. Nge2 Qd6 19. Ne4 Qc7 20. Qh4 Nd5
21. Qg5 h6 22. Qc1 N7f6 23. Rde1 Nh5 24. f4 f5 25. N4g3 Nhf6 26. Nd4 Bf7 27.
Bxd5 cxd5 28. Nf3 Rc8 29. Re2 Nh5 30. Ne5 Nxg3+ 31. hxg3 Bh5 32. Ref2 Re7 33.
Qe3 Qc5 34. d4 Qb6 35. c3 a6 36. Re1 Qd6 37. g4 Bxg4 38. Nxg4 fxg4 39. Qg3 h5
40. Qh4 g6 41. Qf6 Rce8 42. Qxg6+ Kh8 43. Re5 Rh7 44. Qxe8+ 1-0

[Event "OHS 2015"]
[Site "?"]
[Date "2015.03.09"]
[Round "6.14"]
[White "Krolik, Wilfried"]
[Black "Sikorski, Thomas"]
[Result "0-1"]
[WhiteElo "1552"]
[BlackElo "1791"]
[PlyCount "86"]
[EventDate "2015.??.??"]
[WhiteTeam "SV Waltrop 1922"]
[BlackTeam "Sportfreunde Katernberg 1913"]

1. e4 e5 2. Nf3 Nf6 3. Nc3 Nc6 4. d4 exd4 5. Nxd4 d6 6. Bb5 Bd7 7. f3 Be7 8.
Be3 O-O 9. Nxc6 bxc6 10. Ba4 Qb8 11. Rb1 Qb4 12. a3 Qa5 13. O-O c5 14. Bxd7
Nxd7 15. Qe2 c6 16. Bd2 Qc7 17. f4 Bf6 18. Qf3 Rab8 19. Rfd1 Rfe8 20. Be1 Bd4+
21. Kh1 Nf6 22. Qg3 Nxe4 23. Nxe4 Rxe4 24. c3 Bf6 25. Qf3 d5 26. Bg3 Rbe8 27.
Re1 Qe7 28. Rxe4 Qxe4 29. Qxe4 Rxe4 30. Re1 Rxe1+ 31. Bxe1 d4 32. Kg1 g5 33. f5
h5 34. Kf2 Be5 35. g3 g4 36. Ke2 c4 37. cxd4 Bxd4 38. Bc3 Bb6 39. Kf1 Kf8 40.
Kg2 Ke7 41. h3 Kd6 42. hxg4 hxg4 43. Be1 Ke5 0-1

[Event "OHS 2015"]
[Site "?"]
[Date "2015.03.09"]
[Round "6.15"]
[White "Mrowetz, Josef"]
[Black "Schumann, Burkhard"]
[Result "0-1"]
[WhiteElo "1364"]
[BlackElo "1627"]
[PlyCount "76"]
[EventDate "2015.??.??"]
[WhiteTeam "SC Gerthe 46-Werne"]
[BlackTeam "SC Gerthe 46-Werne"]

1. Nh3 d5 2. g3 e5 3. f3 Be7 4. Nf2 Be6 5. Bg2 Nf6 6. O-O O-O 7. e3 Nbd7 8. d3
c6 9. c3 Qb6 10. d4 Rfd8 11. Nd2 c5 12. Nb3 Rac8 13. Kh1 Bf5 14. Qe2 Re8 15.
Nh3 c4 16. Nd2 Bd3 17. Qe1 Bxf1 18. Qxf1 Qd8 19. f4 e4 20. Qe2 g6 21. Nf1 Nf8
22. Bd2 Qd7 23. Nf2 Rc6 24. g4 h5 25. f5 hxg4 26. Nxg4 Nxg4 27. Qxg4 Qxf5 28.
Qe2 Bd6 29. Be1 Ne6 30. Ng3 Bxg3 31. Bxg3 Qh5 32. Qf2 f5 33. Be5 Rf8 34. Rg1
Ng5 35. Qf4 Rf7 36. Bd6 Nf3 37. Rf1 g5 38. Qe5 Nxe5 0-1

[Event "OHS 2015"]
[Site "?"]
[Date "2015.03.09"]
[Round "6.17"]
[White "Mittelbachert, Ulrich"]
[Black "Kümmel, Hans-Jürgen"]
[Result "1-0"]
[WhiteElo "1978"]
[BlackElo "1317"]
[PlyCount "68"]
[EventDate "2015.??.??"]
[WhiteTeam "SV Castrop-Rauxel1923"]
[BlackTeam "SG Höntrop 1947"]

1. Nf3 Nf6 2. c4 e6 3. g3 d5 4. cxd5 exd5 5. Bg2 Be7 6. O-O c6 7. d3 O-O 8. Qc2
Re8 9. h3 Nbd7 10. Nc3 Nf8 11. e4 dxe4 12. dxe4 Qa5 13. e5 Nd5 14. Bd2 Nxc3 15.
Bxc3 Qc7 16. Nd4 Bc5 17. Nf5 Bxf5 18. Qxf5 Ng6 19. e6 Qe7 20. exf7+ Qxf7 21.
Qxc5 Re6 22. Rfe1 Rae8 23. Rxe6 Rxe6 24. Re1 Rxe1+ 25. Bxe1 Qxa2 26. Bc3 a6 27.
Bf1 Kh8 28. h4 Qf7 29. h5 Ne7 30. h6 Kg8 31. hxg7 Nd5 32. Bc4 Qf3 33. Bxd5+
cxd5 34. Qc8+ Kf7 1-0

[Event "OHS 2015"]
[Site "?"]
[Date "2015.03.09"]
[Round "6.18"]
[White "Bott, Michael"]
[Black "Diekhans, Georg"]
[Result "1/2-1/2"]
[WhiteElo "1528"]
[BlackElo "1310"]
[PlyCount "90"]
[EventDate "2015.??.??"]
[WhiteTeam "SV Günnigfeld 1922"]
[BlackTeam "SV Unser Fritz Wanne-E"]

1. c4 d6 2. Nc3 c6 3. g3 Nf6 4. Bg2 h6 5. d4 a6 6. e3 Nbd7 7. Nf3 e6 8. O-O Be7
9. Bd2 Nh7 10. b3 O-O 11. e4 Kh8 12. Re1 Qe8 13. Qe2 Qd8 14. Rad1 b5 15. cxb5
axb5 16. b4 Nb6 17. Be3 Nc4 18. Nd2 Nxd2 19. Qxd2 Bg5 20. f4 Be7 21. e5 d5 22.
Rb1 Bd7 23. Rf1 Qe8 24. Bh3 f5 25. Qe2 g6 26. Kh1 Rg8 27. Rg1 Qf7 28. g4 Ra3
29. Bd2 Raa8 30. gxf5 gxf5 31. Rxg8+ Rxg8 32. a3 Ra8 33. Rb3 Qg7 34. Nb1 Rg8
35. Rg3 Qf7 36. Qf3 Rxg3 37. hxg3 h5 38. Qf2 Qg8 39. Nc3 Nf8 40. Be1 Ng6 41.
Qh2 Qh7 42. Ne2 Be8 43. Kg2 Qg7 44. Kf3 Qh7 45. Ke3 Nf8 1/2-1/2

[Event "OHS 2015"]
[Site "?"]
[Date "2015.03.09"]
[Round "6.19"]
[White "Burosch, Raimund"]
[Black "Heinz, Hans-Werner"]
[Result "1-0"]
[WhiteElo "1424"]
[BlackElo "1159"]
[PlyCount "91"]
[EventDate "2015.??.??"]
[WhiteTeam "SV Unna 1924"]
[BlackTeam "SV Unser Fritz Wanne-Eickel"]

1. Nf3 d5 2. g3 Nf6 3. d3 h6 4. Nbd2 e6 5. Bg2 Be7 6. O-O O-O 7. e4 Nc6 8. e5
Nh7 9. d4 b5 10. c3 a5 11. h4 Ba6 12. Re1 Bb7 13. Nf1 b4 14. N1h2 a4 15. Rb1
Ra7 16. Bd2 a3 17. b3 Ba6 18. Ng4 Bd3 19. Rc1 Bf5 20. Ne3 Be4 21. Ng4 Kh8 22.
Nfh2 Bxg2 23. Kxg2 Qe8 24. f4 h5 25. Ne3 f5 26. exf6 Rxf6 27. Rf1 g6 28. Nf3
Rf7 29. c4 Nf6 30. cxd5 exd5 31. Qc2 Nd8 32. Qxg6 Qf8 33. Ne5 Rg7 34. Qd3 Ne4
35. Rf3 Bxh4 36. Be1 Qg8 37. Nf5 Rxg3+ 38. Bxg3 Bxg3 39. Rxg3 Nxg3 40. Qxg3 Ne6
41. Qxg8+ Kxg8 42. Ne7+ Kh7 43. Nxd5 c6 44. Rxc6 Rg7+ 45. Kh3 Nxd4 46. Nf6+ 1-0

[Event "OHS 2015"]
[Site "?"]
[Date "2015.03.09"]
[Round "6.20"]
[White "Diekhans, Christoph"]
[Black "Puchalla, Paul"]
[Result "1-0"]
[WhiteElo "1591"]
[BlackElo "1210"]
[PlyCount "96"]
[EventDate "2015.??.??"]
[WhiteTeam "SV Unser Fritz Wanne-E"]
[BlackTeam "SK Herne-Sodingen 1924"]

1. Nf3 d5 2. b3 Nc6 3. e3 e5 4. Bb5 Bd6 5. Bb2 f6 6. Bxc6+ bxc6 7. d3 Bg4 8. h3
Bh5 9. Nbd2 Qe7 10. a4 e4 11. dxe4 dxe4 12. g4 exf3 13. gxh5 Rd8 14. Qxf3 Qd7
15. O-O-O Kf7 16. Ne4 Qe8 17. Rhg1 Be5 18. Bxe5 Rxd1+ 19. Kxd1 Qxe5 20. Ng5+
Ke7 21. Qe4 Qxe4 22. Nxe4 Kf7 23. Ke2 g6 24. Rd1 Ne7 25. Rd7 Rc8 26. hxg6+ hxg6
27. Nc5 Ke8 28. e4 f5 29. exf5 gxf5 30. h4 Nd5 31. Rh7 Rd8 32. Rh8+ Ke7 33.
Rxd8 Kxd8 34. Kf3 Ke7 35. c4 Nf6 36. Kf4 Ne4 37. Nxe4 fxe4 38. Kxe4 Kf6 39. f4
Kg6 40. Ke5 c5 41. f5+ Kf7 42. h5 a5 43. h6 c6 44. h7 Kg7 45. Ke6 Kxh7 46. Ke7
Kg7 47. f6+ Kg8 48. f7+ Kh7 1-0